[Event "Thailand op"]
[Site "Chiangmai"]
[Date "2023.07.01"]
[Round "5"]
[White "Zhang, Xiao"]
[Black "Duong, Vu Anh"]
[Result "0-1"]
[WhiteElo "2147"]
[BlackElo "2033"]
[PlyCount "104"]
[EventDate "2023.06.28"]
[EventType "swiss"]
[EventRounds "9"]
[EventCountry "THA"]
[SourceTitle "CBM 215 Extra"]
[Source "ChessBase"]
[SourceDate "2023.09.30"]
[SourceVersion "1"]
[SourceVersionDate "2023.09.30"]
[SourceQuality "1"]

1. d4 d5 2. c4 e6 3. Nf3 c6 4. e3 f5 5. Be2 Bd6 6. b3 Nf6 7. 0-0 Qe7 8. Bb2 0-0 9. Qc1 Nbd7 10. Ba3 e5 11. cxd5 Nxd5 12. Bxd6 Qxd6 13. dxe5 Nxe5 14. Nc3 Be6 15. Rd1 Rad8 16. Nd4 Nxc3 17. Qxc3 Bd5 18. Nc2 Qf6 19. Rd4 b6 20. Qd2 Qg6 21. Ne1 Rd6 22. h3 Rfd8 23. Qc3 Qf6 24. Rc1 c5 25. Rdd1 f4 26. exf4 Qxf4 27. Qe3 Qxe3 28. fxe3 Be6 29. Kf2 Rd2 30. Rxd2 Rxd2 31. Rc2 Nd3+ 32. Kg3 Rxc2 33. Nxc2 Nc1 34. Bc4 Bxc4 35. bxc4 Nxa2 36. Kf4 Kf7 37. Ke5 Ke7 38. e4 Nc3 39. g4 a6 40. g5 b5 41. cxb5 axb5 42. Ne3 g6 43. h4 b4 44. Nc4 Na4 45. Na5 Nb6 46. Nc6+ Kd7 47. Na5 c4 48. Kd4 b3 49. Kc3 Na4+ 50. Kd2 c3+ 51. Kc1 Nc5 52. e5 Nd3+ 0-1

[Event "VIE-ch U11"]
[Site "Ho Chi Minh City"]
[Date "2022.07.14"]
[Round "5"]
[White "Duong, Vu Anh"]
[Black "Dau, Khuong Duy"]
[Result "1/2-1/2"]
[WhiteElo "2368"]
[BlackElo "2372"]
[PlyCount "82"]
[EventDate "2022.07.11"]
[EventType "swiss"]
[EventRounds "9"]
[EventCountry "VIE"]
[SourceTitle "EXT 2023"]
[Source "ChessBase"]
[SourceDate "2022.10.05"]
[SourceVersion "1"]
[SourceVersionDate "2022.10.05"]
[SourceQuality "1"]

1. c4 Nf6 2. Nf3 g6 3. d4 Bg7 4. g3 0-0 5. Bg2 d6 6. 0-0 Nc6 7. Nc3 a6 8. b3 Rb8 9. d5 Na5 10. Bg5 c5 11. dxc6 Nxc6 12. Rc1 Bd7 13. Nd5 Nxd5 14. cxd5 Ne5 15. Nxe5 Bxe5 16. Qd2 Re8 17. Rc2 Rc8 18. Rxc8 Bxc8 19. Rc1 Bg7 20. Qc2 h6 21. Bd2 Bg4 22. Qc7 Qxc7 23. Rxc7 Rc8 24. Rxe7 Rc2 25. Be3 Rxe2 26. h3 Bf5 27. Rxb7 Rxa2 28. Rb6 Be5 29. Bxh6 Bd4 30. Rb8+ Kh7 31. Be3 Ra1+ 32. Kh2 Bxe3 33. fxe3 Ra2 34. Kg1 Re2 35. Rb6 Rxe3 36. g4 Bd3 37. Rxd6 Re1+ 38. Kf2 Re2+ 39. Kg3 Rb2 40. Rb6 Bb5 41. d6 Rxb3+ 1/2-1/2

[Event "Eastern Asia-ch U10"]
[Site "Tornelo INT"]
[Date "2021.10.29"]
[Round "3"]
[White "Duong, Vu Anh"]
[Black "Akhil Prasad, Sri"]
[Result "1-0"]
[WhiteElo "1382"]
[BlackElo "1096"]
[PlyCount "39"]
[EventDate "2021.10.29"]
[EventType "swiss"]
[EventRounds "9"]
[EventCountry "NET"]
[SourceTitle "EXT 2023"]
[Source "ChessBase"]
[SourceDate "2022.10.05"]
[SourceVersion "1"]
[SourceVersionDate "2022.10.05"]
[SourceQuality "1"]

1. c4 Nf6 2. Nf3 g6 3. g3 Bg7 4. Bg2 0-0 5. d4 d6 6. 0-0 Nbd7 7. Nc3 e5 8. e4 Ne8 9. Be3 f5 10. dxe5 dxe5 11. Ng5 Qe7 12. exf5 gxf5 13. Nd5 Qd6 14. c5 Qa6 15. Qh5 h6 16. Ne7+ Kh8 17. Nf7+ Rxf7 18. Qxf7 Nef6 19. Bxh6 Nh5 20. Qg8# 1-0

[Event "Eastern Asia-ch U10"]
[Site "Tornelo INT"]
[Date "2021.10.29"]
[Round "2"]
[White "Kapoor, Tanush"]
[Black "Duong, Vu Anh"]
[Result "0-1"]
[WhiteElo "1059"]
[BlackElo "1382"]
[PlyCount "104"]
[EventDate "2021.10.29"]
[EventType "swiss"]
[EventRounds "9"]
[EventCountry "NET"]
[SourceTitle "EXT 2023"]
[Source "ChessBase"]
[SourceDate "2022.10.05"]
[SourceVersion "1"]
[SourceVersionDate "2022.10.05"]
[SourceQuality "1"]

1. e4 c5 2. Nf3 d6 3. d4 cxd4 4. Nxd4 Nf6 5. Nc3 Nc6 6. Be3 Ng4 7. Nxc6 Nxe3 8. Nxd8 Nxd1 9. Nxf7 Nxc3 10. bxc3 Kxf7 11. Bc4+ Be6 12. Bxe6+ Kxe6 13. f4 g6 14. Rb1 b6 15. Ke2 Bg7 16. Rb3 Rac8 17. Kd3 Rc5 18. g4 Rhc8 19. f5+ Kd7 20. Rhb1 Rxc3+ 21. Rxc3 Rxc3+ 22. Kd2 Rh3 23. Rh1 Be5 24. fxg6 hxg6 25. g5 Rxh2+ 26. Rxh2 Bxh2 27. Ke3 Be5 28. Kd3 Bf4 29. Ke2 Bxg5 30. Kf3 Bf6 31. Kg4 Kc6 32. Kf3 Kc5 33. Ke3 Kc4 34. Kd2 Bg5+ 35. Ke2 e5 36. a3 Bc1 37. a4 g5 38. Kd1 Bf4 39. Ke2 g4 40. Kf2 Kc3 41. Kg2 Kxc2 42. Kf2 Kd2 43. Kg2 Ke2 44. Kh1 Kf3 45. Kg1 Bg3 46. Kh1 a6 47. Kg1 b5 48. axb5 axb5 49. Kf1 b4 50. Kg1 b3 51. Kh1 b2 52. Kg1 b1Q# 0-1

[Event "Kaspersky op U16"]
[Site "Tornelo INT"]
[Date "2021.04.02"]
[Round "4"]
[White "Duong, Vu Anh"]
[Black "Vargas Arguedas, Caleb"]
[Result "0-1"]
[WhiteElo "1473"]
[BlackElo "1093"]
[PlyCount "82"]
[EventDate "2021.04.02"]
[EventType "swiss (blitz)"]
[EventRounds "11"]
[EventCountry "RUS"]
[SourceTitle "CBM 201 Extra"]
[Source "ChessBase"]
[SourceDate "2021.05.31"]
[SourceVersion "1"]
[SourceVersionDate "2021.05.31"]
[SourceQuality "1"]

1. d4 Nf6 2. Bg5 Ne4 3. h4 c5 4. d5 d6 5. Nd2 Nxd2 6. Qxd2 h6 7. Bf4 Nd7 8. e4 a6 9. a4 Rb8 10. Ra3 g6 11. Rb3 Bg7 12. Be3 Ne5 13. Be2 h5 14. Bxa6 0-0 15. Bf1 Bd7 16. Bb5 Qc7 17. Ne2 Ra8 18. Nc3 Ng4 19. 0-0 Nxe3 20. fxe3 Ra5 21. Nb1 Bxb5 22. axb5 b6 23. c4 Rfa8 24. Na3 Qd7 25. Qf2 Re8 26. Qxf7+ Kh7 27. Rf6 Rf8 28. Qxg6+ Kg8 29. Rxf8+ Kxf8 30. Qxh5 Qc8 31. Qf3+ Kg8 32. h5 Qf8 33. Qg3 Qf6 34. Qf4 Bh6 35. Qxf6 exf6 36. Kf2 Bg5 37. Rd3 Kg7 38. g4 Kf7 39. Kf3 Ra8 40. Rd2 Ra4 41. Rh2 Kg7 0-1

[Event "Kaspersky op U16"]
[Site "Tornelo INT"]
[Date "2021.04.02"]
[Round "9"]
[White "Zaika, Sergey"]
[Black "Duong, Vu Anh"]
[Result "1-0"]
[WhiteElo "1656"]
[BlackElo "1473"]
[PlyCount "133"]
[EventDate "2021.04.02"]
[EventType "swiss (blitz)"]
[EventRounds "11"]
[EventCountry "RUS"]
[SourceTitle "CBM 201 Extra"]
[Source "ChessBase"]
[SourceDate "2021.05.31"]
[SourceVersion "1"]
[SourceVersionDate "2021.05.31"]
[SourceQuality "1"]

1. f4 c5 2. Nf3 d5 3. g3 g6 4. Bg2 Bg7 5. 0-0 Nc6 6. d3 Bg4 7. Nc3 Bxf3 8. Bxf3 e6 9. e4 Nge7 10. e5 Nd4 11. g4 0-0 12. Ne2 Nec6 13. c3 Nxf3+ 14. Rxf3 Qh4 15. g5 Qg4+ 16. Ng3 Ne7 17. Be3 b6 18. Rf1 Qh3 19. d4 cxd4 20. Bxd4 Rac8 21. Rf3 Nf5 22. Nxf5 Qxf5 23. Qd3 Qg4+ 24. Kh1 Rc4 25. Rg1 Qf5 26. Qxf5 gxf5 27. h4 Kh8 28. h5 Rg8 29. g6 fxg6 30. hxg6 h6 31. b3 Rc7 32. Bf2 Rgc8 33. Be1 Kg8 34. Kg2 b5 35. a3 a5 36. Kf1 a4 37. b4 Rc4 38. Ke2 Re4+ 39. Kd2 Rcc4 40. Bg3 d4 41. cxd4 Rexd4+ 42. Rd3 Bf8 43. Rd1 Rxd3+ 44. Kxd3 Be7 45. Ke3 Rc3+ 46. Rd3 Rxd3+ 47. Kxd3 Kg7 48. Bf2 Kxg6 49. Bc5 Bd8 50. Ke3 h5 51. Kf3 h4 52. Kg2 Kh5 53. Kh3 Kg6 54. Bf2 Kh5 55. Bc5 Bc7 56. Be7 Bb6 57. Bc5 Bxc5 58. bxc5 b4 59. c6 bxa3 60. c7 a2 61. c8Q a1Q 62. Qh8+ Kg6 63. Qg8+ Kh6 64. Qxe6+ Kg7 65. Qf6+ Kg8 66. Qxf5 Qh1+ 67. Kg4 1-0

[Event "VIE Cup"]
[Site "Hanoi"]
[Date "2021.??.??"]
[Round "1"]
[White "Duong, Vu Anh"]
[Black "Tran, Minh Thang"]
[Result "0-1"]
[WhiteElo "1513"]
[BlackElo "2326"]
[PlyCount "82"]
[EventDate "2021.05.03"]
[EventType "swiss"]
[EventRounds "9"]
[EventCountry "VIE"]
[SourceTitle "EXT 2022"]
[Source "ChessBase"]
[SourceDate "2021.10.06"]
[SourceVersion "1"]
[SourceVersionDate "2021.10.06"]
[SourceQuality "1"]

1. d4 Nf6 2. Bg5 d5 3. Bxf6 gxf6 4. Nc3 c5 5. e3 e6 6. dxc5 Bxc5 7. Nf3 Nc6 8. a3 f5 9. g3 Rg8 10. Qd2 Qf6 11. Na4 Be7 12. c4 dxc4 13. Bxc4 Rg4 14. Bb5 Bd7 15. b3 Rg8 16. Qc3 Rb8 17. Qxf6 Bxf6 18. 0-0-0 Ke7 19. Kb1 Be8 20. Nc5 a6 21. Be2 Na7 22. Nd4 Rc8 23. b4 b6 24. Ncb3 Nb5 25. Nxb5 Bxb5 26. Bxb5 axb5 27. Rd3 Ra8 28. Na1 h5 29. h4 Rg4 30. Nc2 Rc4 31. Rhd1 Ra7 32. R1d2 Bg7 33. Ka2 Bc3 34. Rxc3 Rxc3 35. Kb2 Rc4 36. Nd4 Rd7 37. Kb3 Kf6 38. f4 Rc1 39. Rc2 Rg1 40. Nxb5 Rxg3 41. Rc3 Rh3 0-1